[Event "Plzen Calliditas op"]
[Site "Plzen"]
[Date "2023.08.26"]
[Round "9"]
[White "Kalista, Karel"]
[Black "Krisman, Ondrej"]
[Result "1/2-1/2"]
[WhiteElo "1657"]
[BlackElo "1603"]
[PlyCount "109"]
[EventDate "2023.08.19"]
[EventType "swiss"]
[EventRounds "9"]
[EventCountry "CZE"]
[SourceTitle "EXT 2024"]
[Source "ChessBase"]
[SourceDate "2023.10.10"]
[SourceVersion "1"]
[SourceVersionDate "2023.10.10"]
[SourceQuality "1"]

1. d4 d5 2. c4 e6 3. Nc3 Nf6 4. Bg5 Be7 5. e3 0-0 6. Nf3 Nbd7 7. Rc1 c6 8. Bd3 dxc4 9. Bxc4 Nd5 10. Bxe7 Qxe7 11. 0-0 Nxc3 12. Rxc3 e5 13. Re1 e4 14. Nd2 Nf6 15. f3 exf3 16. Qxf3 Bg4 17. Qf4 Qd7 18. Nf3 Nh5 19. Qg5 h6 20. Qh4 g5 21. Qf2 Be6 22. Ne5 Qe7 23. Bd3 Nf6 24. Rf1 Ng4 25. Qg3 Nxe5 26. Qxe5 f6 27. Qe4 Rae8 28. Bb1 Bd5 29. Qf5 Be4 30. Bxe4 Qxe4 31. Qxe4 Rxe4 32. Rf5 Kg7 33. Rfc5 Kg6 34. d5 cxd5 35. Rxd5 Rf7 36. Rd8 h5 37. Ra8 a6 38. Kf2 Kf5 39. Rb8 Rd7 40. Rc5+ Re5 41. Rxe5+ Kxe5 42. Re8+ Kf5 43. Ke2 Rd6 44. Re7 Rb6 45. b3 Rb4 46. Re8 Kg4 47. Kf2 h4 48. h3+ Kf5 49. Kf3 Kg6 50. Re7 a5 51. Rd7 b5 52. Rb7 a4 53. bxa4 Rxa4 54. Rxb5 Rxa2 55. Rb6 1/2-1/2

[Event "Plzen Calliditas op"]
[Site "Plzen"]
[Date "2023.08.23"]
[Round "6"]
[White "Kalista, Karel"]
[Black "Chudek, Lubomir"]
[Result "0-1"]
[WhiteElo "1657"]
[BlackElo "1748"]
[PlyCount "38"]
[EventDate "2023.08.19"]
[EventType "swiss"]
[EventRounds "9"]
[EventCountry "CZE"]
[SourceTitle "EXT 2024"]
[Source "ChessBase"]
[SourceDate "2023.10.10"]
[SourceVersion "1"]
[SourceVersionDate "2023.10.10"]
[SourceQuality "1"]

1. d4 Nf6 2. c4 g6 3. Nc3 d5 4. Qb3 dxc4 5. Qxc4 Nc6 6. d5 Na5 7. Qd3 b6 8. Nf3 Bg7 9. e4 0-0 10. Be2 e6 11. 0-0 exd5 12. exd5 Bf5 13. Qd2 Nb7 14. Rd1 Nd6 15. Nd4 Nfe4 16. Qe3 Re8 17. Nc6 Nxc3 18. Qxc3 Bxc3 19. Nxd8 Rxe2 0-1

[Event "Plzen op 5th"]
[Site "Plzen"]
[Date "2013.11.30"]
[Round "7"]
[White "Kalista, Karel"]
[Black "Nemcova, Karin"]
[Result "1/2-1/2"]
[WhiteElo "1886"]
[BlackElo "1683"]
[PlyCount "102"]
[EventDate "2013.11.24"]
[EventType "swiss"]
[EventRounds "7"]
[EventCountry "CZE"]
[SourceTitle "CBM 157 Extra"]
[Source "ChessBase"]
[SourceDate "2013.12.19"]
[SourceVersion "1"]
[SourceVersionDate "2013.12.19"]
[SourceQuality "1"]

1. d4 d5 2. c4 c6 3. Nf3 Nf6 4. Nc3 e6 5. Bg5 Be7 6. e3 0-0 7. Qc2 Nbd7 8. Rd1 h6 9. Bf4 Re8 10. Bd3 dxc4 11. Bxc4 Nb6 12. Bb3 Nbd5 13. Bg3 Bb4 14. 0-0 Qa5 15. Ne4 Nxe4 16. Qxe4 Nf6 17. Qc2 Bd7 18. a3 Bf8 19. Ba2 Rac8 20. Ne5 Red8 21. Bb1 c5 22. Ng4 Ne4 23. Qxe4 f5 24. Nxh6+ gxh6 25. Qh4 Re8 26. dxc5 Bb5 27. Bd3 Bxd3 28. Rxd3 Qxc5 29. Bf4 Qb5 30. Rd2 Kh7 31. Rfd1 Bg7 32. f3 e5 33. Bg3 Qb3 34. Bf2 Rc2 35. Qb4 Qxb4 36. axb4 Rec8 37. Be1 e4 38. fxe4 fxe4 39. Rxc2 Rxc2 40. Bc3 Bxc3 41. bxc3 Rxc3 42. Rd7+ Kg6 43. Rxb7 Rxe3 44. Rxa7 Rb3 45. Rb7 e3 46. Kf1 Rb2 47. b5 Rf2+ 48. Kg1 Rb2 49. Kf1 Rf2+ 50. Ke1 Rxg2 51. Re7 Rxh2 1/2-1/2

[Event "Plzen op 4th"]
[Site "Plzen"]
[Date "2012.11.22"]
[Round "5"]
[White "Benes, Petr"]
[Black "Kalista, Karel"]
[Result "1-0"]
[WhiteElo "2114"]
[BlackElo "1874"]
[PlyCount "75"]
[EventDate "2012.11.18"]
[EventType "swiss"]
[EventRounds "7"]
[EventCountry "CZE"]
[SourceTitle "CBM 151 Extra"]
[Source "ChessBase"]
[SourceDate "2012.12.18"]
[SourceVersion "1"]
[SourceVersionDate "2012.12.18"]
[SourceQuality "1"]

1. d4 Nf6 2. Nf3 g6 3. c4 Bg7 4. Nc3 0-0 5. e4 d6 6. Be2 e5 7. d5 Nfd7 8. Bg5 f6 9. Bh4 a5 10. Nd2 Qe8 11. 0-0 g5 12. Bg3 Nc5 13. f3 Nbd7 14. Nb5 Qd8 15. a3 a4 16. Bf2 Rf7 17. h4 h6 18. g4 Bf8 19. Kg2 c6 20. Nc3 Nb6 21. Bxc5 dxc5 22. b3 axb3 23. Qxb3 Bd6 24. Rh1 Bf8 25. Nf1 Ra6 26. Ne3 Bd7 27. Nf5 Bxf5 28. exf5 Qa8 29. hxg5 hxg5 30. Ne4 Nd7 31. Rh5 Rg7 32. f4 Be7 33. Qh3 Bf8 34. Rh8+ Kf7 35. Qh5+ Ke7 36. d6+ Kd8 37. Rxf8+ Nxf8 38. Nxf6 1-0

[Event "Plzen op 4th"]
[Site "Plzen"]
[Date "2012.11.21"]
[Round "4"]
[White "Kalista, Karel"]
[Black "Chan, Naruna"]
[Result "1-0"]
[WhiteElo "1874"]
[BlackElo "1827"]
[PlyCount "153"]
[EventDate "2012.11.18"]
[EventType "swiss"]
[EventRounds "7"]
[EventCountry "CZE"]
[SourceTitle "CBM 151 Extra"]
[Source "ChessBase"]
[SourceDate "2012.12.18"]
[SourceVersion "1"]
[SourceVersionDate "2012.12.18"]
[SourceQuality "1"]

1. d4 f5 2. Nf3 Nf6 3. c4 g6 4. g3 Bg7 5. Bg2 0-0 6. 0-0 d6 7. Nc3 Qe8 8. d5 a5 9. Nb5 Na6 10. Nfd4 Rb8 11. Bd2 b6 12. Qc2 Qf7 13. Rae1 e5 14. dxe6 Bxe6 15. Nxe6 Qxe6 16. b3 Kh8 17. Bc3 Qd7 18. Bh3 Qf7 19. Rd1 Nc5 20. Bb2 Rbe8 21. Nc3 Nce4 22. Nxe4 Nxe4 23. Bg2 Bxb2 24. Qxb2+ Qf6 25. Qxf6+ Rxf6 26. e3 Rff8 27. Rd4 Nc3 28. Rd2 Re5 29. Rc1 Ne4 30. Bxe4 Rxe4 31. Rcd1 Kg7 32. Rd4 Re7 33. Kg2 a4 34. b4 Rfe8 35. b5 Kf6 36. Rb1 Re4 37. Rxe4 Rxe4 38. Rc1 Ke6 39. Kf3 Kd7 40. Ke2 c6 41. bxc6+ Kxc6 42. Kd3 Re5 43. Rb1 g5 44. f4 gxf4 45. gxf4 Re6 46. Rg1 Rh6 47. Rg2 d5 48. cxd5+ Kxd5 49. Rg5 Ke6 50. Rg2 Kd7 51. Rb2 Kc6 52. Kd4 Re6 53. Rg2 Kb5 54. Rg5 Kb4 55. Rxf5 Rd6+ 56. Rd5 Rh6 57. f5 Rxh2 58. f6 Rxa2 59. Rf5 h5 60. f7 Rd2+ 61. Ke5 Rd8 62. f8Q+ Rxf8 63. Rxf8 a3 64. Kf4 a2 65. Ra8 Kb3 66. e4 b5 67. e5 b4 68. e6 Kb2 69. Rxa2+ Kxa2 70. e7 b3 71. e8Q b2 72. Qa4+ Kb1 73. Kg5 Kc1 74. Qc4+ Kb1 75. Qb3 Kc1 76. Qc3+ Kb1 77. Kxh5 1-0

[Event "Plzen op"]
[Site "Plzen"]
[Date "2012.08.21"]
[Round "5"]
[White "Kalista, Karel"]
[Black "Hollan, Martin"]
[Result "0-1"]
[WhiteElo "1891"]
[BlackElo "1670"]
[PlyCount "112"]
[EventDate "2012.08.18"]
[EventType "swiss"]
[EventRounds "9"]
[EventCountry "CZE"]
[SourceTitle "CBM 150 Extra"]
[Source "ChessBase"]
[SourceDate "2012.10.19"]
[SourceVersion "1"]
[SourceVersionDate "2012.10.19"]
[SourceQuality "1"]

1. d4 Nf6 2. Bg5 e6 3. e3 c6 4. c3 h6 5. Bf4 d5 6. Nd2 Nbd7 7. Ngf3 c5 8. Bd3 c4 9. Bc2 b5 10. 0-0 Qb6 11. e4 Bb7 12. Qe2 Qc6 13. Rfe1 dxe4 14. Nxe4 Nxe4 15. Bxe4 Qxe4 16. Qxe4 Bxe4 17. Rxe4 Nf6 18. Re2 Nd5 19. Be5 Kd7 20. Rae1 Re8 21. Bg3 f6 22. Nh4 g5 23. Ng6 Rg8 24. Nxf8+ Rgxf8 25. Rf1 a5 26. f4 f5 27. fxg5 hxg5 28. Be5 Ra8 29. Rf3 g4 30. Rg3 Rg8 31. h3 gxh3 32. Rxh3 Rg6 33. Rh4 Kc6 34. Kf2 Rag8 35. g3 f4 36. Bxf4 Nxf4 37. gxf4 Rg2+ 38. Ke1 Rxe2+ 39. Kxe2 Rg2+ 40. Ke3 Rxb2 41. Rh6 Kd7 42. Rh7+ Kd6 43. Rh6 Rc2 44. f5 Rxc3+ 45. Ke4 Rc2 46. Rxe6+ Kd7 47. Kd5 Rf2 48. Rd6+ Ke7 49. Re6+ Kf7 50. Ke5 Re2+ 51. Kd6 Rxe6+ 52. fxe6+ Ke8 53. e7 c3 54. Ke6 c2 55. d5 c1Q 56. d6 Qc6 0-1

[Event "Jirasek Memorial op-A"]
[Site "Rakovnik"]
[Date "2009.08.11"]
[Round "5"]
[White "Kalista, Karel"]
[Black "Hajek, Jaroslav"]
[Result "1-0"]
[WhiteElo "2008"]
[BlackElo "1956"]
[PlyCount "90"]
[EventDate "2009.08.08"]
[EventType "swiss"]
[EventRounds "9"]
[EventCountry "CZE"]
[SourceTitle "EXT 2010"]
[Source "ChessBase"]
[SourceDate "2010.11.25"]
[SourceVersion "1"]
[SourceVersionDate "2010.11.25"]
[SourceQuality "1"]

1. e4 c5 2. Nf3 d6 3. d4 cxd4 4. Qxd4 Nc6 5. Bb5 Bd7 6. Bxc6 bxc6 7. 0-0 Qb6 8. Qd3 Nf6 9. Nc3 g6 10. e5 Bf5 11. Qe2 dxe5 12. Nxe5 Bg7 13. Qc4 0-0 14. Be3 Qc7 15. Bf4 Qb7 16. Nd3 Nd5 17. Bd2 Rab8 18. Rab1 Nb6 19. Qc5 Rbd8 20. Bg5 f6 21. Be3 Bxd3 22. cxd3 Rxd3 23. Rfd1 Rfd8 24. Rxd3 Rxd3 25. a4 Qd7 26. a5 Nc8 27. h3 e6 28. Re1 Kf7 29. Qc4 Bf8 30. Qh4 h5 31. g4 e5 32. gxh5 g5 33. Qe4 Rd6 34. Qg6+ Ke7 35. Bc5 Qxh3 36. Ne4 Qg4+ 37. Kh2 Qf4+ 38. Kg2 Qg4+ 39. Ng3 Ke6 40. Re4 Qd1 41. Qg8+ Ke7 42. Nf5+ Ke8 43. Bxd6 Nxd6 44. Qe6+ Kd8 45. Qxf6+ Ke8 1-0

[Event "Klatovy op-A"]
[Site "Klatovy"]
[Date "2005.07.08"]
[Round "7"]
[White "Vlcek, Marek"]
[Black "Kalista, Karel"]
[Result "1/2-1/2"]
[WhiteElo "1887"]
[BlackElo "2041"]
[PlyCount "59"]
[EventDate "2005.07.02"]
[EventType "swiss"]
[EventRounds "9"]
[EventCountry "CZE"]
[SourceTitle "CBM 107 Extra"]
[Source "ChessBase"]
[SourceDate "2005.09.01"]
[SourceVersion "1"]
[SourceVersionDate "2005.09.01"]
[SourceQuality "1"]

1. b3 c6 2. Bb2 d5 3. e3 Nf6 4. f4 Bf5 5. Nf3 e6 6. Nc3 h6 7. Be2 Be7 8. 0-0 Nbd7 9. a4 0-0 10. h3 Bc5 11. d4 Be7 12. Ne5 Nxe5 13. fxe5 Nd7 14. Bf3 f6 15. e4 dxe4 16. Nxe4 Bxe4 17. Bxe4 fxe5 18. dxe5 Nc5 19. Bf3 Qxd1 20. Raxd1 Rad8 21. Bg4 Rxf1+ 22. Rxf1 Rf8 23. Rd1 Kf7 24. Ba3 Re8 25. Rf1+ Kg6 26. Kh2 Nd7 27. Bb2 Nf8 28. Be2 Kh7 29. Bd3+ Kg8 30. Bc4 1/2-1/2

[Event "Klatovy op-A"]
[Site "Klatovy"]
[Date "2005.07.03"]
[Round "2"]
[White "Kalista, Karel"]
[Black "Ptacnik, Stanislav"]
[Result "0-1"]
[WhiteElo "2041"]
[BlackElo "2136"]
[PlyCount "50"]
[EventDate "2005.07.02"]
[EventType "swiss"]
[EventRounds "9"]
[EventCountry "CZE"]
[SourceTitle "CBM 107 Extra"]
[Source "ChessBase"]
[SourceDate "2005.09.01"]
[SourceVersion "1"]
[SourceVersionDate "2005.09.01"]
[SourceQuality "1"]

1. Nf3 Nf6 2. d4 e6 3. c4 c5 4. Nc3 cxd4 5. Nxd4 Bb4 6. Ndb5 0-0 7. Bf4 d5 8. Nc7 Nh5 9. e3 Nxf4 10. Nxa8 Ng6 11. Qb3 Bxc3+ 12. Qxc3 Nc6 13. cxd5 exd5 14. b4 d4 15. Qd2 Qe7 16. b5 dxe3 17. fxe3 Rd8 18. Qc3 Qh4+ 19. g3 Qe4 20. Rg1 Nd4 21. Bg2 Nc2+ 22. Kf2 Qf5+ 23. Bf3 Ne5 24. e4 Rd2+ 25. Qxd2 Qxf3# 0-1

[Event "Klatovy op-A"]
[Site "Klatovy"]
[Date "2004.07.11"]
[Round "9"]
[White "Kalista, Karel"]
[Black "Maly, Antonin"]
[Result "1/2-1/2"]
[WhiteElo "2019"]
[BlackElo "1982"]
[PlyCount "96"]
[EventDate "2004.07.03"]
[EventType "swiss"]
[EventRounds "9"]
[EventCountry "CZE"]
[SourceTitle "CBM 101 Extra"]
[Source "ChessBase"]
[SourceDate "2004.09.01"]
[SourceVersion "2"]
[SourceVersionDate "2004.09.01"]
[SourceQuality "1"]

1. d4 Nf6 2. c4 e6 3. Nf3 b6 4. Nc3 Bb4 5. Qb3 Bxc3+ 6. Qxc3 Ne4 7. Qc2 d5 8. Bf4 c5 9. e3 0-0 10. Bd3 Bb7 11. 0-0-0 cxd4 12. exd4 Na6 13. a3 b5 14. c5 Qa5 15. Bd2 Nxd2 16. Bxh7+ Kh8 17. Rxd2 Rac8 18. Bd3 b4 19. Qb3 bxa3 20. Qxa3 Qxa3 21. bxa3 Nb8 22. Ne5 Kg8 23. f4 Rc7 24. Rf1 f6 25. Nf3 Nc6 26. Re1 e5 27. fxe5 fxe5 28. dxe5 Na5 29. Kb2 Rxc5 30. Ng5 Rb8 31. Ka2 d4 32. Be4 Ba6 33. Bh7+ Kh8 34. Rb2 Bc4+ 35. Kb1 Nb3 36. Bc2 d3 37. Bd1 Nd2+ 38. Ka1 Nb3+ 39. Bxb3 Bxb3 40. Nf3 Ra5 41. Kb1 Rxa3 42. Kc1 Rc8+ 43. Kd2 Bc4 44. Re3 Kg8 45. Ne1 Ra5 46. Nc2 Ra4 47. Ne1 Ra3 48. Nc2 Ra4 1/2-1/2

[Event "Klatovy op-A"]
[Site "Klatovy"]
[Date "2004.07.10"]
[Round "8"]
[White "Polomis, Zdenek"]
[Black "Kalista, Karel"]
[Result "1-0"]
[WhiteElo "2069"]
[BlackElo "2019"]
[PlyCount "141"]
[EventDate "2004.07.03"]
[EventType "swiss"]
[EventRounds "9"]
[EventCountry "CZE"]
[SourceTitle "CBM 101 Extra"]
[Source "ChessBase"]
[SourceDate "2004.09.01"]
[SourceVersion "2"]
[SourceVersionDate "2004.09.01"]
[SourceQuality "1"]

1. e4 c5 2. Nc3 d6 3. g3 Nc6 4. Bg2 g6 5. Nge2 Bg7 6. 0-0 e6 7. Kh1 Nge7 8. d3 0-0 9. Rb1 Rb8 10. Bf4 b5 11. Qd2 b4 12. Nd1 e5 13. Be3 Nd4 14. Nxd4 cxd4 15. Bh6 Qc7 16. Bxg7 Kxg7 17. f4 Be6 18. b3 Rfc8 19. Rf2 Nc6 20. f5 Bd7 21. Nb2 h6 22. Rbf1 g5 23. Bh3 f6 24. Bg4 Be8 25. h4 Bf7 26. Qe2 a6 27. Bh5 Na7 28. Bxf7 Qxf7 29. Nc4 Nb5 30. a4 bxa3 31. Ra1 d5 32. Nxa3 dxe4 33. Qxe4 Qb7 34. Qxb7+ Rxb7 35. Nc4 Ra7 36. Kg2 Rc6 37. Kf3 Nc3 38. Rh2 Re7 39. Nd2 Rec7 40. hxg5 fxg5 41. Nc4 Re7 42. Re1 Nd5 43. Rxe5 Rd7 44. Rhe2 Nc3 45. Re7+ Rxe7 46. Rxe7+ Kf6 47. Rf7+ Kxf7 48. Ne5+ Kf6 49. Nxc6 Nb5 50. g4 h5 51. gxh5 Kxf5 52. h6 Kg6 53. h7 Kxh7 54. Kg4 Kg6 55. Ne5+ Kf6 56. Nf3 Ke6 57. Kxg5 Kd5 58. Kf4 Na3 59. Ne1 Nb5 60. Kf3 Nc3 61. Ng2 Nb5 62. Ke2 Kc5 63. Kd2 Nc3 64. Nf4 Nb5 65. Ne2 Kd5 66. c4+ dxc3+ 67. Nxc3+ Nxc3 68. Kxc3 a5 69. d4 Kd6 70. Kc4 Kc6 71. d5+ 1-0

[Event "Plzen op-A 10th"]
[Site "Plzen"]
[Date "2004.??.??"]
[Round "9"]
[White "Kalista, Karel"]
[Black "Valickova, Martina"]
[Result "1/2-1/2"]
[WhiteElo "2015"]
[BlackElo "2060"]
[PlyCount "60"]
[EventDate "2004.08.??"]
[EventType "swiss"]
[EventRounds "9"]
[EventCountry "CZE"]
[SourceTitle "EXT 2007"]
[Source "ChessBase"]
[SourceDate "2006.11.23"]
[SourceVersion "1"]
[SourceVersionDate "2006.11.23"]
[SourceQuality "1"]

1. d4 d5 2. c4 c6 3. Nf3 Nf6 4. Nc3 dxc4 5. a4 Bf5 6. Ne5 e6 7. e3 Nbd7 8. Nxc4 Bb4 9. Qb3 Qe7 10. Bd2 0-0 11. Be2 a5 12. 0-0 e5 13. Rfe1 Rfe8 14. Rad1 Rad8 15. Bf1 e4 16. Nb1 Nd5 17. Nxa5 Bd6 18. g3 Rb8 19. Nc4 Bc7 20. Qa3 Qe6 21. Bb4 Nxb4 22. Qxb4 b5 23. axb5 Rxb5 24. Qd2 Bg4 25. Rc1 Rh5 26. f4 exf3 27. Qf2 Nf6 28. Nbd2 Bh3 29. Qxf3 Bg4 30. Qf2 h6 1/2-1/2

[Event "Plzen op-A 9th"]
[Site "Plzen"]
[Date "2003.08.19"]
[Round "4"]
[White "Ondrejat, Miroslav"]
[Black "Kalista, Karel"]
[Result "1-0"]
[WhiteElo "2133"]
[BlackElo "2074"]
[PlyCount "139"]
[EventDate "2003.08.16"]
[EventType "swiss"]
[EventRounds "9"]
[EventCountry "CZE"]
[SourceTitle "CBM 095 Extra"]
[Source "ChessBase"]
[SourceDate "2003.09.04"]
[SourceVersion "1"]
[SourceVersionDate "2003.09.04"]
[SourceQuality "1"]

1. Nf3 Nf6 2. d4 g6 3. c4 Bg7 4. Nc3 0-0 5. e4 d6 6. Be2 e5 7. 0-0 Nc6 8. d5 Ne7 9. Ne1 Ne8 10. Nd3 c5 11. f4 f5 12. fxe5 Bxe5 13. Nxe5 dxe5 14. Be3 b6 15. Bh6 Rf7 16. exf5 Nxf5 17. Qd2 Ned6 18. Bg5 Qc7 19. g4 Nd4 20. Rxf7 Nxe2+ 21. Qxe2 Nxf7 22. Bf6 Bd7 23. Re1 Re8 24. Ne4 Qc8 25. h3 Qc7 26. Qe3 Qc8 27. Nd6 Nxd6 28. Qh6 Re7 29. Bxe7 Nf7 30. Qh4 Qa6 31. Rf1 Be8 32. b3 Qxa2 33. Qg3 Qd2 34. Qf3 Qd4+ 35. Kh1 e4 36. Qg3 e3 37. Qb8 Qe4+ 38. Kg1 Qxe7 39. Qf4 g5 40. Qf3 Qe5 41. Re1 Qf4 42. Qxe3 Qxe3+ 43. Rxe3 Kf8 44. Kf2 Bd7 45. Kg3 Nh8 46. Re1 Ng6 47. Re3 Kf7 48. Re1 Kf6 49. Re3 Ne5 50. Re1 Be8 51. Rf1+ Ke7 52. Rf5 Nf7 53. Rf1 Bd7 54. Re1+ Kd6 55. Rf1 Be8 56. Rf2 Kd7 57. Re2 Nd6 58. h4 gxh4+ 59. Kxh4 Bg6 60. Kg5 Ne4+ 61. Kf4 Nd6 62. Ke5 Bd3 63. Rf2 h6 64. Rf6 Nc8 65. Rf7+ Kd8 66. d6 Bg6 67. Rg7 b5 68. Ke6 Nb6 69. Rb7 Nc8 70. d7 1-0

[Event "Plzen op-A 9th"]
[Site "Plzen"]
[Date "2003.08.17"]
[Round "2"]
[White "Tuma, Jiri"]
[Black "Kalista, Karel"]
[Result "1-0"]
[WhiteElo "2138"]
[BlackElo "2074"]
[PlyCount "65"]
[EventDate "2003.08.16"]
[EventType "swiss"]
[EventRounds "9"]
[EventCountry "CZE"]
[SourceTitle "CBM 095 Extra"]
[Source "ChessBase"]
[SourceDate "2003.09.04"]
[SourceVersion "1"]
[SourceVersionDate "2003.09.04"]
[SourceQuality "1"]

1. e4 c5 2. Nf3 d6 3. d4 cxd4 4. Nxd4 Nf6 5. Nc3 a6 6. g3 e5 7. Nde2 Be7 8. Bg2 Qc7 9. 0-0 0-0 10. h3 b5 11. Be3 b4 12. Nd5 Nxd5 13. exd5 Bf5 14. c3 Qb7 15. Qd2 bxc3 16. Nxc3 Nd7 17. Rac1 Rab8 18. b3 Rfc8 19. Na4 Bd8 20. Rc6 e4 21. Rfc1 Ne5 22. Rxd6 Rxc1+ 23. Qxc1 Nd3 24. Qc6 Qxc6 25. dxc6 Bc7 26. Rd4 Nb4 27. Bxe4 Bxe4 28. Rxe4 Nxa2 29. Nc5 f5 30. Ra4 Nb4 31. Nxa6 Nxa6 32. Rxa6 Rxb3 33. Ra8+ 1-0